|
|
|
|
| LEADER |
00000cam a22000004a 4500 |
| 001 |
musev2_64327 |
| 003 |
MdBmJHUP |
| 005 |
20230905050625.0 |
| 006 |
m o d |
| 007 |
cr||||||||nn|n |
| 008 |
181009s2019 nyu o 00 0 eng d |
| 010 |
|
|
|z 2018047923
|
| 020 |
|
|
|a 9781501733949
|
| 020 |
|
|
|z 9781501733932
|
| 020 |
|
|
|z 9781501733956
|
| 035 |
|
|
|a (OCoLC)1057242267
|
| 040 |
|
|
|a MdBmJHUP
|c MdBmJHUP
|
| 100 |
1 |
|
|a Edington, Claire E.,
|d 1984-
|e author.
|
| 245 |
1 |
0 |
|a Beyond the Asylum :
|b Mental Illness in French Colonial Vietnam /
|c Claire E. Edington.
|
| 264 |
|
1 |
|a Ithaca [New York] :
|b Cornell University Press,
|c 2019.
|
| 264 |
|
3 |
|a Baltimore, Md. :
|b Project MUSE,
|c 2019
|
| 264 |
|
4 |
|c ©2019.
|
| 300 |
|
|
|a 1 online resource (312 pages).
|
| 336 |
|
|
|a text
|b txt
|2 rdacontent
|
| 337 |
|
|
|a computer
|b c
|2 rdamedia
|
| 338 |
|
|
|a online resource
|b cr
|2 rdacarrier
|
| 490 |
0 |
|
|a Studies of the Weatherhead East Asian Institute, Columbia University
|
| 505 |
0 |
|
|a Introduction : getting out of the asylum : writing the social history of psychiatry in French colonial Vietnam -- The legal category of the " insane" person in French Indochina : a background to confinement -- Patients, staff and the everyday challenges of asylum administration -- Labor as therapy : agricultural colonies and the re-education of the insane -- Going in and getting out of the colonial asylum : families and the politics of caregiving -- Mental illness and treatment advice in the Vietnamese popular press -- Psychiatric expertise and Indochina's crime problem.
|
| 520 |
|
|
|a "This book looks beyond the asylum to consider how psychiatry in French colonial Vietnam was produced in everyday exchanges between lay people and experts"--
|c Provided by publisher.
|
| 588 |
|
|
|a Description based on print version record.
|
| 650 |
|
7 |
|a Psychiatry.
|2 fast
|0 (OCoLC)fst01081152
|
| 650 |
|
7 |
|a Psychiatric hospitals.
|2 fast
|0 (OCoLC)fst01081047
|
| 650 |
|
7 |
|a Mentally ill
|x Social conditions.
|2 fast
|0 (OCoLC)fst01016768
|
| 650 |
|
7 |
|a Mentally ill
|x Care.
|2 fast
|0 (OCoLC)fst01016705
|
| 650 |
|
7 |
|a Mental illness
|x Social aspects.
|2 fast
|0 (OCoLC)fst01016602
|
| 650 |
|
7 |
|a HISTORY
|z Asia
|z Southeast Asia.
|2 bisacsh
|
| 650 |
|
7 |
|a POLITICAL SCIENCE
|x Public Policy
|x Social Services & Welfare.
|2 bisacsh
|
| 650 |
|
7 |
|a POLITICAL SCIENCE
|x Public Policy
|x Social Security.
|2 bisacsh
|
| 650 |
|
6 |
|a Personnes vivant avec un trouble de sante mentale
|x Soins
|z Viêt-nam
|x Histoire.
|
| 650 |
|
6 |
|a Maladies mentales
|x Aspect social
|z Viêt-nam
|x Histoire.
|
| 650 |
|
2 |
|a Hospitals, Psychiatric
|x history
|
| 650 |
|
2 |
|a Mentally Ill Persons
|x history
|
| 650 |
|
2 |
|a Psychiatry
|x history
|
| 650 |
|
0 |
|a Psychiatric hospitals
|z Vietnam
|x History.
|
| 650 |
|
0 |
|a Psychiatry
|z Vietnam
|x History.
|
| 650 |
|
0 |
|a Mentally ill
|z Vietnam
|x Social conditions.
|
| 650 |
|
0 |
|a Mentally ill
|x Care
|z Vietnam
|x History.
|
| 650 |
|
0 |
|a Mental illness
|x Social aspects
|z Vietnam
|x History.
|
| 651 |
|
7 |
|a Vietnam.
|2 fast
|0 (OCoLC)fst01204778
|
| 651 |
|
2 |
|a Vietnam
|
| 655 |
|
7 |
|a History.
|2 fast
|0 (OCoLC)fst01411628
|
| 655 |
|
7 |
|a Electronic books.
|2 local
|
| 710 |
2 |
|
|a Project Muse.
|e distributor
|
| 830 |
|
0 |
|a Book collections on Project MUSE.
|
| 856 |
4 |
0 |
|z Texto completo
|u https://projectmuse.uam.elogim.com/book/64327/
|
| 945 |
|
|
|a Project MUSE - Custom Collection
|
| 945 |
|
|
|a Project MUSE - 2019 Complete
|
| 945 |
|
|
|a Project MUSE - 2019 History
|
| 945 |
|
|
|a Project MUSE - 2019 Asian and Pacific Studies
|